Meeting the challenge of accession surveys on sexual orientation discrimination in countries joining the European Union /
Tallennettuna:
| Yhteisötekijä: | |
|---|---|
| Aineistotyyppi: | Kirja |
| Kieli: | englanti |
| Julkaistu: |
Etterbeek, Belgium :
ILGA-Europe,
[2004]
|
| Tagit: |
Ei tageja, Lisää ensimmäinen tagi!
|
MARC
| LEADER | 00000nam a22000007i 4500 | ||
|---|---|---|---|
| 001 | IT\ICCU\UBO\3303749 | ||
| 003 | ItRI | ||
| 005 | 20260304233752.0 | ||
| 008 | 071018s2004 be |||||| ||||| |||||c | ||
| 040 | |b ita |c GP | ||
| 041 | 7 | |a eng |2 ISO-639-2 | |
| 245 | 0 | 0 | |a Meeting the challenge of accession surveys on sexual orientation discrimination in countries joining the European Union / |c ILGA Europe. |
| 260 | |a Etterbeek, Belgium : |b ILGA-Europe, |c [2004] | ||
| 300 | |a 47 p. ; |c 21 cm. | ||
| 710 | 2 | |a International Lesbian and Gay Association Europe |0 IT\ICCU\UBOV\641749 | |
| 942 | |2 ddc |c BK | ||
| 952 | |0 0 |1 0 |2 ddc |4 0 |6 306_766000000000000_ILG |7 1 |9 580 |a RM |b RM |d 2024-01-30 |l 0 |o 306.766 ILG |p 77 |r 2024-01-30 19:40:35 |w 2024-01-30 |y BK | ||
| 952 | |0 0 |1 0 |4 0 |6 DOC_323_409000000000000_ILG |7 0 |9 25751 |a BO |b BO |d 2026-01-15 |i 11351 |l 0 |o DOC 323.409 ILG |p BO11351 |r 2026-01-15 23:24:33 |w 2026-01-15 |x [Sebina 7] [1 v.] |y BK |z 1 v. | ||
| 999 | |c 517 |d 517 | ||